书目信息 |
| 题名: |
建筑的涵意
|
|
| 作者: | 刘育东 著 | |
| 分册: | ||
| 出版信息: | 天津 天津大学出版社 1999.04 |
|
| 页数: | 157页 | |
| 开本: | 16开 | |
| 丛书名: | ||
| 单 册: | ||
| 中图分类: | ||
| 科图分类: | ||
| 主题词: | 建筑学--理论 | |
| 电子资源: | ||
| ISBN: | 7-5618-1129-2 | |
| 000 | 00545nam0 2200205 45 | |
| 001 | 9911031548 | |
| 005 | 20000923085333.2 | |
| 010 | @a7-5618-1129-2@d48.80元 | |
| 100 | @a19991103d1999 km y0chiy0120 ea | |
| 101 | @achi | |
| 105 | @a z 000yy | |
| 200 | 1 | @a建筑的涵意@AJian Zhu De Han Yi@f刘育东著@FLiu YuDong Zhu |
| 210 | @a天津@c天津大学出版社@d1999.04 | |
| 215 | @a157页@d16开 | |
| 606 | 0 | @a建筑学@x理论 |
| 690 | @v3 | |
| 690 | @aTU-0@v3 | |
| 701 | @a刘育东@4著 | |
| 801 | @aCN@bPFTUser@c19991103 | |
| 905 | @dTU-0@eL127@b151294-295@f2 | |
| 建筑的涵意/刘育东著.-天津:天津大学出版社,1999.04 |
| 157页;16开 |
| ISBN 7-5618-1129-2:48.80元 |
| ● |
| 相关链接 |
|
|
|
正题名:建筑的涵意
索取号:TU-0/L127
 
预约/预借
| 序号 | 登录号 | 条形码 | 馆藏地/架位号 | 状态 | 备注 |
| 1 | 151294 | 201512942 | 自科二线404/404自科库 3排6列2层/ [索取号:TU-0/L127] | 在馆 | |
| 2 | 151295 | 201512951 | 自科二线404/404自科库 3排6列2层/ [索取号:TU-0/L127] | 在馆 |